L'Agrupació Dramàtica de Barcelona : intent de teatre nacional català, 1955-1963 / Jordi Coca intent de teatre nacional català, 1955-1963 / Jordi Coca
Descripción Física:
332 p., [8] p. de làm. ; 21'5 cm
Colección:
Monografies de teatre ; 9
MARC
| LEADER | 00000nam a2200000Ia 4500 | ||
|---|---|---|---|
| 001 | 6870 | ||
| 003 | BGR | ||
| 005 | 20260324175406.0 | ||
| 008 | 160829s1978 xx 000 0 cat d | ||
| 080 | |a B-1-167 | ||
| 100 | |a Coca, Jordi, |d 1947- |9 28798 | ||
| 245 | |a L'Agrupació Dramàtica de Barcelona : |b intent de teatre nacional català, 1955-1963 / Jordi Coca | ||
| 260 | |a Barcelona : |b Institut del Teatre : |b Edicions 62, |c 1978 | ||
| 300 | |a 332 p., [8] p. de làm. ; |c 21'5 cm | ||
| 490 | |a Monografies de teatre ; 9 | ||
| 610 | 2 | 0 | |9 70114 |a Agrupació Dramàtica de Barcelona |
| 650 | |a Teatre |x Barcelona |x Societats, etc. |9 30821 | ||
| 650 | |a Teatre |x Barcelona |x Història |9 30822 | ||
| 710 | 1 | |a Institut del Teatre (Barcelona, Catalunya) |9 52662 | |
| 901 | |a Arxiu | ||
| 942 | |n 1 |2 udc |c MON | ||
| 952 | |0 0 |1 0 |4 0 |6 B1167 |7 1 |9 45537 |a Arxiu |b Arxiu |d 2016-12-01 |l 0 |o B-1-167 |p 6870 |r 2016-12-01 00:00:00 |w 2016-12-01 |y ARXIU | ||
| 999 | |c 48705 |d 48705 | ||